00457 2200169 4500001002100000008004100021035002000062245007200082100000800154260003800162300001100200020001800211084001400229082000800243650001700251990001900268INLIS000000000001198 IND  a0010-0724001198 aENSIKLOPEDIA IPTEK ENSIKLOPEDIA SAINS UNTUK PELAJAR DAN UMUM 1cTIM aTIM aJakarta :bPT LENTERA ABADIc2007 a96 HLM a979-3535-00-8 a503 NIN e a503 aIlmu Sejarah aP29/CP/24/1198